[Event "Stay Safe Play From Home 304"]
[Site "Emanuel Lasker Arena"]
[Date "2020.07.15"]
[Round "2"]
[White "SoulofWolf"]
[Black "Lamborghini"]
[Result "1-0"]
[WhiteElo "2040"]
[BlackElo "2162"]
[Annotator "TA"]
[PlyCount "45"]
[EventDate "2020.07.15"]
[EventType "swiss (blitz)"]

{[%evp 9,45,20,25,8,37,0,1,-33,-18,-35,-40,-61,-4,-4,0,0,0,4,21,6,24,17,21,0,26,0,5,4,8,-22,30,0,2,-19,422,422,574,587]} 1. c4 g6 2. Nf3 Bg7 3. e3 d6 4. Be2 Nf6 5. O-O O-O {[#]} 6. Re1 $146 {A10: English Opening: Unusual Replies for Black.} ({Predecessor:} 6. Nc3 Nbd7 7. d3 a5 8. a3 c6 9. Rb1 e5 10. b4 axb4 11. axb4 h6 12. Bb2 {1-0 (30) Gelman,A (2403)-Oragwu,C (2241) chess.com INT 2020}) 6... Nc6 7. d3 e5 8. Nbd2 {The position is equal.} Re8 9. a3 a5 10. Qc2 b6 (10... a4 $15) 11. b3 $11 Bb7 12. Bb2 Qd7 13. Rac1 Rad8 14. Nb1 {[%cal Bd2b1,Bb1c3,Bc3a4][%mdl 32]} h6 15. Nc3 Ne7 16. Na4 Qc8 17. Bc3 Qa8 18. Red1 Nd7 19. Ne1 f5 ({Better is} 19... d5) 20. Qb2 Nf6 21. f4 exf4 $2 {[%mdl 8192] [#]} (21... Ng4 $11 {and Black has nothing to worry.} 22. Qd2 Nc6) 22. Bxf6 $18 Kh7 23. Bxg7 {Accuracy: White = 69%, Black = 57%.} 1-0

[Event "Stay Safe Play From Home 304"]
[Site "Emanuel Lasker Arena"]
[Date "2020.07.15"]
[Round "2"]
[White "TheCHESSHOUSE"]
[Black "Klasman"]
[Result "1-0"]
[WhiteElo "2018"]
[BlackElo "1314"]
[Annotator "TA"]
[PlyCount "61"]
[EventDate "2020.07.15"]
[EventType "swiss (blitz)"]

{[%evp 9,61,12,23,17,70,63,63,70,85,66,107,76,101,92,93,85,166,47,46,47,94,39,34,38,54,53,56,31,41,41,67,59,62,33,33,44,76,58,54,10,215,225,429,421,530,259,620,610,582,579,1211,602,891,604]} 1. d4 f5 2. c4 Nf6 3. Nc3 e6 4. Nf3 Bb4 5. Bd2 Bxc3 6. Bxc3 {[#] A85: Dutch Defence: 2 c4 Nf6 3 Nc3.} c6 $146 (6... O-O $11) ({Predecessor:} 6... O-O 7. e3 b6 8. Be2 Bb7 9. Qc2 d6 10. O-O-O Ne4 11. Bd3 Nd7 12. Rhg1 c5 13. Bxe4 Bxe4 {0-1 (39) Chlebana,D (1557)-Kostelansky,K (1725) Slovakia 2020}) 7. Qc2 d5 8. e3 {White is slightly better.} Ne4 9. Be2 Nd7 10. O-O Ndf6 11. Rad1 O-O 12. Ne5 Ng4 (12... Nxc3 $16 {was called for.} 13. Qxc3 Ne4) 13. h3 (13. Bxg4 $18 fxg4 14. Nxg4) 13... Nxe5 14. dxe5 Ng5 15. f4 (15. f3 $16) 15... Ne4 $14 16. Bf3 Qh4 17. Bxe4 fxe4 18. cxd5 exd5 19. Qf2 $36 {[%mdl 2048] White has some pressure.} Qh5 20. Qg3 Rf7 21. Bb4 Be6 22. Rd2 b6 23. Bd6 c5 24. Rdf2 c4 $2 {[#] Loses the game.} (24... Kh8 $11 {and Black stays safe.}) 25. Qh2 $1 $18 a5 $2 (25... g6 26. g4 Qh6) 26. g4 Qh4 27. Qg2 (27. f5 $142 Bc8 28. e6) 27... b5 $2 (27... d4 28. exd4 Bd5) 28. f5 {White is clearly winning.} Bc8 {If Black can now play ...Ra6 this consolidates a bit.} 29. e6 Rf6 30. Be5 (30. g5 $142) 30... Rh6 31. Kh2 {Accuracy: White = 51%, Black = 27%.} 1-0

[Event "Stay Safe Play From Home 304"]
[Site "Emanuel Lasker Arena"]
[Date "2020.07.15"]
[Round "2"]
[White "Tartak"]
[Black "Jhhonnyy"]
[Result "0-1"]
[WhiteElo "1553"]
[BlackElo "2300"]
[Annotator "TA"]
[PlyCount "56"]
[EventDate "2020.07.15"]
[EventType "swiss (blitz)"]

{[%evp 9,56,-78,-76,-166,-152,-167,-97,-88,-51,-140,-103,-197,-80,-103,-72,-66,-71,-97,-86,-346,-273,-341,-348,-533,-553,-934,-515,-1085,-991,-1581,-1553,-1553,-1504,-1986,-1601,-2396,-1688,-2309,-2250,-2458,-2418,-2185,-1590,-1556,-1557,-1610,-1554,-29996,-1573]} 1. e4 e5 2. d3 Nf6 3. Ne2 Nc6 {[#]} 4. Be3 $146 ({Predecessor:} 4. d4 exd4 5. Ng1 Qe7 6. Be2 Qxe4 7. Nd2 Qxg2 8. Ngf3 Qxh1+ 9. Ng1 Qxg1+ 10. Nf1 Bb4+ {1-0 (28) Ferreira,G-Queiroz,P Juiz de Fora 2014}) 4... d5 5. f3 Be7 6. exd5 {B02: Alekhine's Defence: Chase Variation and lines with early Nc3.} (6. Nd2 $17 {is a better defense.}) 6... Nxd5 $19 7. Bf2 Be6 (7... Bg5 $19 8. Nd2 Be6) 8. Nbc3 {Black is better.} O-O 9. Ng3 ({White should try} 9. g3 $15) 9... f5 10. Be2 (10. Nxd5 $17 Qxd5 11. Be2) 10... Bf6 (10... Nf4 $19 {and Black stays clearly on top.} 11. O-O h5) 11. O-O Re8 12. Nxd5 Qxd5 13. Nh5 Be7 14. Bg3 $2 {[%mdl 8192] This costs White the game.} (14. Ng3 $17) 14... g6 15. c4 Qd7 16. Nf4 (16. f4 {keeps fighting.}) 16... exf4 17. Bxf4 Bf6 {White must now prevent ...Qd4+.} 18. Qb3 (18. Kh1 $142) 18... Nd4 {[%cal Bc6d4,Bd4e2,Be2f4][%mdl 32]} 19. Qxb7 Nxe2+ {[%mdl 64] [#] Discovered Attack} 20. Kh1 Nxf4 21. c5 Bd5 22. c6 Bxc6 23. Qb3+ Bd5 24. Qc2 Rab8 25. b3 Kg7 26. Rae1 c6 27. Rxe8 Rxe8 28. g3 {[#]} Bf7 {Accuracy: White =  7%, Black = 28%.} (28... Bxf3+ $142 $1 29. Qg2 (29. Rxf3 Re1+) 29... Bxg2+ 30. Kg1 Bd4+ 31. Rf2 Re1#) 0-1

[Event "Stay Safe Play From Home 304"]
[Site "Emanuel Lasker Arena"]
[Date "2020.07.15"]
[Round "2"]
[White "Mamba2001de"]
[Black "Buzaglo"]
[Result "0-1"]
[WhiteElo "1491"]
[BlackElo "1817"]
[Annotator "NA RC"]
[PlyCount "54"]
[EventDate "2020.07.15"]
[EventType "swiss (blitz)"]

1. e4 {[%emt 0:00:01]} e6 {[%emt 0:00:00]} 2. Nf3 {[%emt 0:00:01]} d5 {[%emt 0:00:00]} 3. exd5 {[%emt 0:00:01]} c5 {[%emt 0:00:00]} 4. d4 {[%emt 0:00:00]} exd5 {[%emt 0:00:01]} 5. dxc5 {[%emt 0:00:01]} Nf6 {[%emt 0:00:00]} 6. Nc3 {[%emt 0:00:01]} Bxc5 {[%emt 0:00:00]} 7. Bg5 {[%emt 0:00:01]} O-O {[%emt 0:00:01]} 8. Be2 {[%emt 0:00:01]} Nbd7 {[%emt 0:00:01]} 9. Nxd5 {[%emt 0:00:02]} Qa5+ {[%emt 0:00:07]} 10. b4 {[%emt 0:00:03]} Bxb4+ {[%emt 0:00:01]} 11. Nxb4 {[%emt 0:00:01]} Qxb4+ {[%emt 0:00:00]} 12. Bd2 {[%emt 0:00:01]} Qg4 {[%emt 0:00:01]} 13. O-O {[%emt 0:00:01]} Ne4 {[%emt 0:00:01]} 14. Be3 {[%emt 0:00:03]} Qg6 {[%emt 0:00:02]} 15. Bd3 {[%emt 0:00:03]} Ndf6 {[%emt 0:00:01]} 16. Bxe4 {[%emt 0:00:01]} Nxe4 {[%emt 0:00:00]} 17. Nh4 {[%emt 0:00:01]} Qc6 {[%emt 0:00:04]} 18. g3 {[%emt 0:00:02]} Nc3 {[%emt 0:00:00]} 19. Qd3 {[%emt 0:00:02]} Bh3 {[%emt 0:00:03]} 20. Rfd1 {[%emt 0:00:02]} Ne4 {[%emt 0:00:01]} 21. c4 {[%emt 0:00:02]} Nf6 {[%emt 0:00:01]} 22. Qd4 {[%emt 0:00:02]} h6 {[%emt 0:00:01]} 23. Rac1 {[%emt 0:00:05]} g5 {[%emt 0:00:01]} 24. Qd6 {[%emt 0:00:12]} Qe4 {[%emt 0:00:07]} 25. Qd4 {[%emt 0:00:06]} Qxd4 {[%emt 0:00:02]} 26. Bxd4 {[%emt 0:00:01]} gxh4 {[%emt 0:00:00]} 27. Bxf6 {[%emt 0:00:01]} hxg3 {[%emt 0:00:00] Zeit (Lag: Av=0.58s, max=0.8s)} 0-1

[Event "Stay Safe Play From Home 304"]
[Site "Emanuel Lasker Arena"]
[Date "2020.07.15"]
[Round "3"]
[White "Tolka"]
[Black "NTBT_DHS"]
[Result "1-0"]
[WhiteElo "2336"]
[BlackElo "2531"]
[Annotator "TA"]
[PlyCount "111"]
[EventDate "2020.07.15"]
[EventType "swiss (blitz)"]

{[%evp 15,111,26,15,16,20,16,23,0,27,27,28,24,29,20,22,21,17,6,264,277,240,178,138,99,102,76,168,171,202,207,217,0,0,0,250,217,218,215,281,133,138,119,200,202,226,226,218,222,512,223,224,216,279,264,256,258,252,252,1176,1163,29999,1168,1131,1095,1141,1131,1135,1080,1067,1060,1200,1097,2308,2268,1856,1661,5675,3156,5214,4023,3402,3125,29978,10847,29978,29977,29982,29981,29982,29982,29984,29985,29985,29986,29987,29988,29988,29989]} 1. e4 g6 2. Nf3 Bg7 3. d4 d6 4. Nc3 Nf6 5. Be2 O-O 6. O-O a6 7. a4 b6 8. h3 Bb7 9. Bd3 {B08: Pirc Defence: Classical System.} Nbd7 10. Re1 e5 11. dxe5 {White has an edge.} Nxe5 (11... dxe5 {keeps more tension.} 12. b4 c6 13. Be3 Qc7 14. Nd2 Nd5) 12. Nxe5 dxe5 13. Bg5 h6 14. Bh4 {[#]} Qd6 $146 ({Predecessor:} 14... Qc8 15. Qe2 Nh5 16. Bc4 Nf4 17. Qe3 Kh7 18. Bg3 g5 19. Rad1 c5 20. Nd5 Bxd5 21. Bxd5 {½-½ (89) Cavailles,E (2018)-Samoun,F (2299) Europe Chess INT 2020}) 15. Qf3 Nh5 16. Rad1 {Hoping for Bxa6!} Nf4 $2 {[%mdl 8192] [#]} (16... Qc5 $11 {and Black has nothing to worry.}) 17. Bxa6 $1 $18 {[%mdl 512]} Qc6 (17... Rxa6 18. Rxd6) 18. Bxb7 Qxb7 19. b3 c6 20. Bg3 (20. Rd2 {seems wilder.} Ne6 21. Red1 Nd4 22. Qd3 Rfc8 23. f3) 20... g5 (20... Ne6 $16 {was necessary.}) 21. Bxf4 exf4 22. e5 Rfe8 23. Ne4 $2 (23. e6 $18) 23... Rxe5 $11 24. Nd6 Qc7 $2 (24... Rxe1+ $11 {and Black stays safe.} 25. Rxe1 Qd7) 25. Rxe5 $18 Bxe5 26. Nf5 Bg7 27. Qxc6 (27. Rd6 $18 {is more deadly.}) 27... Qxc6 $16 28. Ne7+ {[%mdl 64] Double Attack} Kf8 (28... Kh7 $16 29. Nxc6 Rc8) 29. Nxc6 $18 {[%mdl 4096] Endgame KRB-KRN} Rc8 {[#]} 30. Nb4 $1 Bc3 31. Nd5 Be5 $2 (31... Rc6 {might work better.} 32. b4 Be5) 32. c4 (32. Nxb6 $142 Re8 33. c4) 32... Rc6 33. Re1 f6 34. f3 Kf7 35. Kf1 Ke6 36. Rd1 Kd6 $2 (36... Rd6 37. Ke2 Kf5) 37. Nb4+ Kc5 38. Nxc6 (38. Na6# $142) 38... Kxc6 {KR-KB} 39. Rd5 Bd6 40. Rb5 Bc5 41. Ke2 Kc7 42. Kd3 Kc6 43. Ke4 Bd6 44. Kf5 Be5 45. Kg6 Kd6 46. Kxh6 Ke6 47. Kg6 Bd4 48. Rf5 Be5 {[#]} 49. b4 (49. Rxe5+ $142 $1 fxe5 (49... Kxe5 50. b4) 50. Kxg5 Kd7 51. Kf5 Kc6 52. b4 Kc7 53. Kxe5 Kc8 54. h4) 49... Kd6 50. a5 {White mates.} bxa5 51. bxa5 Kc5 52. Rxf6 Kxc4 {[#]} 53. Rf5 $1 Bd4 54. Rxg5 Kd3 55. Rd5 Ke3 {[#]} 56. Rxd4 $1 {Accuracy: White = 70%, Black = 38%.} 1-0

[Event "Stay Safe Play From Home 304"]
[Site "Emanuel Lasker Arena"]
[Date "2020.07.15"]
[Round "3"]
[White "Jhhonnyy"]
[Black "Scorpio New"]
[Result "1-0"]
[WhiteElo "2300"]
[BlackElo "2126"]
[Annotator "TA"]
[PlyCount "149"]
[EventDate "2020.07.15"]
[EventType "swiss (blitz)"]

{[%evp 19,148,56,55,44,96,82,103,80,124,81,84,60,77,14,62,0,136,68,75,77,127,84,84,37,88,80,84,45,193,74,346,-844,536,498,679,670,1074,1075,1387,1361,1305,1286,1271,1254,1250,1246,2315,1547,1530,1536,1524,1512,1468,1429,1483,1423,2745,2007,2170,2060,1791,1606,2716,1992,5411,3106,6433,1021,1003,989,969,943,2075,1918,2459,2177,2898,2624,5119,4441,29980,29981,29983,29984,29984,29985,29982,29983,29989,29986,29987,29985,29980,29981,29989,29990,29990,29991,29991,29992,29992,29992,29994,29994,29994,29995,29996,29995,29995,29993,29993,29994,29997,29996,29997,29994,29994,29995,29995,29996,29996,29997,29997,29997,29999,29998,29998,29998,29998,29999,29999]} 1. d4 d6 2. c4 g6 3. Nf3 Bg7 4. g3 Nd7 5. Bg2 c6 6. O-O Qc7 7. Nc3 e5 8. e4 Ngf6 9. h3 O-O 10. Be3 a5 11. Qc2 {[#] E69: King's Indian: Fianchetto: 6...Nbd7 7 0-0 e5 8 e4 c6 9 h3.} h5 $146 ({Better is} 11... Re8 $14) ({Predecessor:} 11... Re8 12. Rad1 Nb6 13. b3 Nfd7 14. c5 exd4 15. cxb6 Nxb6 16. Bxd4 Bf8 17. Nb5 Qd8 18. Bxb6 Qxb6 19. Nxd6 Rd8 {1-0 (28) Bator,R (2476)-Kumar,R (2259) Sweden 2012}) 12. Rad1 $16 Re8 13. b3 {White is better.} b6 14. Rfe1 Bb7 15. Qb1 Nf8 16. Kh2 (16. d5 $16) 16... Rad8 17. Rd2 (17. d5 $14) 17... c5 (17... exd4 $11 {keeps the balance.} 18. Nxd4 h4) 18. dxe5 ({White should play} 18. d5 $16) 18... dxe5 $14 19. Nd5 Bxd5 20. exd5 Qb8 21. Bg5 Rd7 (21... N8h7 $1 $14) 22. Rde2 $36 {[%cal Rf3e5][%mdl 2048] Black is under strong pressure.} N6h7 23. Bd2 f6 (23... Qd6 $14) 24. Bc3 (24. Nh4 $18 {has better winning chances.} f5 25. Nxg6 {[%mdl 64] Remove Defender, Decoy} Nxg6 26. Qxf5 {[%mdl 64] Double Attack}) 24... Red8 $2 {[%mdl 8192]} (24... Qd6 $16) 25. Qxg6 $4 {[%mdl 8192]} (25. Nh4 $18) 25... h4 $4 {[%mdl 8192]} (25... Nxg6 $19 {and all is fine.} 26. h4 Nhf8) 26. Qb1 Qc7 27. Nxh4 f5 28. Nxf5 Rf7 29. Nxg7 Rxg7 30. Bxe5 {[%mdl 64] [#] Double Attack} Qf7 31. Bxg7 Qxg7 32. Re7 Qg6 33. Qxg6+ Nxg6 34. Re8+ Rxe8 35. Rxe8+ $18 {[%mdl 4096] Endgame KRB-KNN} Kf7 36. Re6 Ngf8 37. Rxb6 Ng5 38. Rb7+ Kf6 39. h4 Nf7 40. Rb5 Ne5 41. Rxc5 Nd3 42. Rxa5 Nb4 43. Ra6+ Nxa6 44. a3 Nc5 45. b4 Nb3 46. c5 Nd2 47. d6 Ke6 48. h5 Nc4 49. a4 Nh7 50. a5 {White mates.} Na3 51. a6 Nb5 52. Bf1 Na7 53. b5 Kd7 54. Bd3 Ng5 55. h6 Nf3+ 56. Kg2 Ne5 57. h7 Nxd3 58. h8=Q Nxc5 59. Qg7+ Kxd6 60. Qxa7 Ne4 61. Qb6+ Ke5 62. a7 Ng5 63. Qc5+ Kf6 {[#]} 64. Qxg5+ $1 {[%mdl 64] Promotion} Kxg5 65. a8=Q Kg4 66. Qe4+ Kg5 67. Qh4+ Kf5 68. b6 Ke5 69. b7 Kd5 70. b8=Q Ke6 71. Qg8+ Kf5 72. Qgg5+ Ke6 73. Qhh6+ Kf7 74. Qgg7+ Ke8 75. Qhh8# {Accuracy: White = 63%, Black = 31%.} 1-0

[Event "Stay Safe Play From Home 304"]
[Site "Emanuel Lasker Arena"]
[Date "2020.07.15"]
[Round "3"]
[White "Lazieri3"]
[Black "Justwatch"]
[Result "1-0"]
[WhiteElo "2084"]
[BlackElo "1697"]
[Annotator "TA"]
[PlyCount "39"]
[EventDate "2020.07.15"]
[EventType "swiss (blitz)"]

{[%evp 9,39,295,290,294,292,287,305,290,306,299,301,281,294,290,300,304,320,302,301,298,443,454,457,434,506,504,574,520,554,451,1602,511]} 1. e4 e5 2. Nf3 d6 3. c3 Nc6 4. d4 Be6 5. d5 {[#]} Bd7 $146 ({Predecessor:} 5... Qd7 6. dxe6 Qxe6 7. Ng5 Qg6 8. Bc4 f6 9. Bf7+ Qxf7 10. Nxf7 Kxf7 11. Qb3+ d5 12. Qxb7 Rb8 13. Qxc6 Ne7 14. Qxc7 Kg6 15. Qxb8 Nc6 16. Qe8# {1-0 (16) Narva,R (2009)-Temabuya,N Baku 2016}) 6. dxc6 {C44: Ponziani Opening and Scotch Gambit.} Bxc6 7. Bd3 Be7 8. Qe2 {White has a decisive advantage.} Bf6 9. O-O Ne7 10. Bg5 Ng6 11. Bxf6 gxf6 12. Qe3 Nf4 13. g3 Nxd3 14. Qxd3 Qe7 (14... d5 {keeps fighting.} 15. exd5 Qxd5 16. Qxd5 Bxd5) 15. Nh4 $18 {White is clearly winning.} O-O-O 16. Nf5 Qe6 17. c4 Ba4 18. b3 Be8 19. Nd2 Qe7 (19... Kb8 $142 20. Rfd1 Bd7) 20. Rfc1 {Accuracy: White = 80%, Black = 41%.} (20. Nxe7+ $142 Kb8 21. Qf3) 1-0

[Event "Stay Safe Play From Home 304"]
[Site "Emanuel Lasker Arena"]
[Date "2020.07.15"]
[Round "3"]
[White "SoulofWolf"]
[Black "Broken sword"]
[Result "1-0"]
[WhiteElo "2063"]
[BlackElo "2435"]
[Annotator "TA"]
[PlyCount "111"]
[EventDate "2020.07.15"]
[EventType "swiss (blitz)"]

{[%evp 9,111,-13,-4,-12,-5,-11,-4,-18,-13,-27,-22,-73,-75,-85,-46,-124,-59,-57,-50,-51,-37,-46,13,-45,11,0,6,0,0,0,35,1,91,65,66,0,77,62,66,0,10,-30,-23,-23,57,-20,-7,-82,-66,-310,0,-34,6,0,0,-59,0,-153,-176,-391,-370,-421,0,12,601,587,770,679,2018,540,510,0,560,384,496,494,641,535,610,551,656,502,1281,499,496,484,29989,29990,29986,3149,29988,29989,29989,29988,29988,29989,29992,29989,29991,29987,29990,29990,29992,29991]} 1. d4 d5 2. Nf3 c5 3. c3 cxd4 4. cxd4 Nc6 5. e3 Nf6 6. Be2 {D10: Slav Defence: 3 cxd5 (without early Nf3) and 3 Nc3.} Bf5 7. O-O e6 8. a3 {The position is equal.} Bd6 {[#]} 9. b4 $146 ({Predecessor:} 9. Nc3 O-O 10. Nh4 Be4 11. Nf3 Bf5 12. b4 a5 13. b5 Ne7 14. Bb2 Rc8 15. Rc1 {0-1 (39) Kastler,P (1681)-Pechac,J (2487) Skalica 2020}) 9... Rc8 10. b5 (10. Nc3 $11 {remains equal.}) 10... Na5 $17 {Hoping for ...Bc2.} 11. Bd2 O-O 12. Qe1 (12. Ra2 $15) 12... Nc4 (12... Nb3 $17 13. Ra2 Ne4) 13. Bb4 $15 Re8 14. Nbd2 Nxd2 15. Qxd2 Bb8 (15... Rc2 $15 16. Qe1 h6) 16. h3 (16. Rfc1 $11) 16... h6 (16... Ne4 $15 17. Qb2 Ng3) 17. Rfc1 $11 Ne4 18. Qe1 Qd7 19. Ne5 Qd8 (19... Bxe5 $5 20. dxe5 b6 $11) 20. f3 Nf6 (20... Nd6 $11 {keeps the balance.}) 21. g4 $36 {[%mdl 2048] White has the initiative.} Bh7 22. Kg2 (22. Rxc8 $14 Qxc8 23. Rc1) 22... Bxe5 (22... Rxc1 $11 23. Rxc1 Nd7) 23. dxe5 {Rxc8 is the strong threat.} Nd7 24. f4 (24. Rxc8 $14 Qxc8 25. Rc1) 24... Be4+ 25. Bf3 Bxf3+ 26. Kxf3 f6 ({Black should play} 26... Nb6 $11) 27. exf6 (27. Rxc8 $14 Qxc8 28. Rc1) 27... Qxf6 {Threatening ...Ne5+.} 28. Bc3 (28. Kg3 $11) 28... Qf7 29. Bd4 $2 (29. Kg2 $15) 29... b6 $2 ({Better is} 29... e5 $19 30. Rxc8 Rxc8 31. Bxa7 d4 $1 {[%mdl 512]}) 30. Kg3 Nf6 31. Kh2 Ne4 32. Qh4 (32. a4 $1 $11) 32... Qg6 (32... Qd7 $15 33. a4 Rxc1 34. Rxc1 Rc8) 33. Be5 $2 (33. Rxc8 $11 Rxc8 34. Ra2) 33... Nd2 $1 $17 {[%cal Rd2f3]} 34. Qg3 $2 (34. Qf2 {is the only way for White.} Qd3 35. Rxc8 Rxc8 36. Rd1) 34... Qe4 $19 35. Qg2 Nf3+ $2 (35... Qxe3 $19 36. Kh1 Rxc1+ 37. Rxc1 Nf3) 36. Kg3 $11 Qxe3 $2 {[%mdl 8192] Black is now going downhill.} (36... Ng5 $11 37. Bd4 e5 38. fxe5 (38. fxg5 Qxg2+ 39. Kxg2 exd4 $11) 38... Rf8 39. Qxe4 Nxe4+ 40. Kg2 Rf2+ 41. Kg1 Rcf8) 37. Qxf3 $18 Qd2 38. Rd1 Qb2 39. Rdb1 (39. Bxb2 $142 Rc2 40. Be5) 39... Qd2 40. Rd1 $2 ({White should try} 40. Rb2 $18 Rc2 41. Rxc2 Qxc2 42. a4) 40... Qc2 $2 {[%mdl 8192]} (40... Qb2 $1 $11 41. Bxb2 Rc2) 41. g5 Qg6 42. h4 h5 43. Qd3 Qf7 44. Rd2 Rc4 45. Rf1 Rb8 (45... Rec8 $142 46. Re2 Qf8) 46. Rf3 (46. Bxb8 $142 Qf8 47. Bd6 $1 {[%mdl 512]}) 46... Rbc8 47. Re2 Rc2 (47... Qd7 $18 48. Bb2 Qf7) 48. Rxc2 Re8 49. Qc3 (49. Qd4 $142 Re7 50. Rc8+ Kh7 {[#]} 51. Bxg7 $1 {[%mdl 512]} Qf5 52. Rh8+ Kg6 53. Rh6+ Kf7 54. Rf6+ {[%mdl 64] Double Attack} Ke8 55. Rxf5) 49... g6 50. Qc7 {White mates.} Re7 51. Qc8+ Re8 52. Qa6 Re7 53. Qa4 Re8 54. Qb3 Re7 55. Bf6 Kh7 56. Bxe7 {Accuracy: White = 38%, Black = 37%.} 1-0

[Event "Stay Safe Play From Home 304"]
[Site "Emanuel Lasker Arena"]
[Date "2020.07.15"]
[Round "3"]
[White "Bardellosport"]
[Black "TheCHESSHOUSE"]
[Result "0-1"]
[WhiteElo "2036"]
[BlackElo "2019"]
[Annotator "TA"]
[PlyCount "96"]
[EventDate "2020.07.15"]
[EventType "swiss (blitz)"]

{[%evp 9,96,-19,-12,-10,4,-15,0,-9,-4,-10,-2,-4,7,-32,-29,-33,-34,-46,-29,-46,-24,-58,-23,-45,-27,-120,-33,-131,-131,-131,-126,-126,-133,-216,-164,-157,-164,-182,-156,-134,-154,-179,-170,-170,-123,-148,-148,-154,-140,-150,-145,-245,-238,-512,-506,-465,-203,-610,-607,-721,-655,-29992,-734,-720,-713,-634,-128,-1027,-914,-872,-655,-1212,-1126,-995,-989,-1241,-1253,-29998,-1196,-29998,-1218,-29995,-2030,-29992,-29993,-29993,-29994,-29998,-29999]} 1. d4 Nf6 2. e3 g6 3. f4 Bg7 4. Nf3 d5 5. Bd3 O-O 6. c3 {A03: Bird's Opening with 1...d5.} Nbd7 7. Qe2 c5 8. Nbd2 {The position is equal.} b6 9. Ne5 Bb7 10. O-O Qc7 11. Ndf3 Ne4 $36 {[%mdl 2048] Black is pushing.} 12. Nxd7 Qxd7 13. Nd2 {[#]} f5 $146 (13... Bc6 {seems wilder.} 14. Nf3 Qc7 15. Nd2 Rab8 16. a4 f5) ({Predecessor:} 13... Nd6 14. dxc5 bxc5 15. e4 c4 16. Bc2 dxe4 17. Nxe4 Bxe4 18. Bxe4 Rab8 19. Bf3 Rb5 {0-1 (27) Sadiku,B (2277)-Huzman,A (2599) Ohrid 2009}) 14. Nxe4 dxe4 15. Bc2 Kh8 16. Bd2 Rac8 {[%cal Rc5d4]} 17. Rf2 (17. Rfc1 $11) 17... Rfd8 (17... cxd4 $17 18. exd4 Bxd4 $1 {[%mdl 576] Pin}) 18. h3 ({White should play} 18. Be1 $15) 18... cxd4 $17 19. exd4 {[#]} Bxd4 $1 {[%mdl 512]} 20. cxd4 {Threatens to win with Bc3.} Rxc2 21. Rc1 (21. Qe3 $17) 21... Rxc1+ 22. Bxc1 Qxd4 23. Be3 Qd1+ 24. Qxd1 Rxd1+ {[%mdl 4096] Endgame KRB-KRB} 25. Kh2 Kg8 26. Rc2 Rd7 27. g4 Kf7 28. Kg3 Ba6 29. gxf5 gxf5 30. Kh4 (30. Kf2 $17) 30... Rd3 $19 31. Bf2 $2 (31. Rc3) 31... Rf3 32. Bg3 Bf1 (32... e3 $142 33. Rc3 Bb5) 33. Rh2 $2 (33. Rf2) 33... e3 34. b4 e2 {Strongly threatening ...Rxg3!} 35. a4 {[#]} Re3 (35... Rxg3 $142 $1 36. Kxg3 e1=Q+ {[%mdl 64] Double Attack} 37. Kf3 Bd3 38. Rf2 Be4+ 39. Kg3 Kg6 40. h4 Qe3+ 41. Kh2 Qxf2+ {[%mdl 64] Double Attack} 42. Kh3 Qg2#) 36. Be1 Rb3 37. Kg5 Bxh3 $2 (37... Rb1 $19 {and Black stays clearly on top.} 38. Bc3 e1=Q 39. Bxe1 Rxe1) 38. Kh5 $2 {[%mdl 8192] White does not recover from this.} (38. Rxe2 $17 Rb1 39. Re3) 38... Bg4+ 39. Kh4 Rb1 40. Bg3 e1=Q 41. Bxe1 Rxe1 {KRB-KR} 42. Rd2 Re3 {( -> ...Rh3+)} 43. Kg5 Kg7 (43... Rh3 $142 44. Rg2 h6#) 44. Rd7 Re4 (44... h6+ $142 45. Kh4 Rh3#) 45. Rxa7 h6+ 46. Kh4 Re3 {[%csl Gg4][%cal Re3h3] Black mates.} 47. Rxe7+ Rxe7 48. a5 Re3 {Accuracy: White = 38%, Black = 60%.} 0-1